| 000 | 00846nam a2200229Ia 4500 | ||
|---|---|---|---|
| 003 | GCL | ||
| 008 | 140319s9999 xx 000 0 ara d | ||
| 040 |
_aGCL / _cGCL |
||
| 082 | 0 | 4 |
_a413.1 _bض ه |
| 100 | 1 | _aضياءالدين باشا الخالدى المقدسى | |
| 245 | 1 | 0 |
_aالهدية الحميدية فى اللغة الكردية: معجم كردى - عربى / _cضياءالدين باشا الخالدى المقدسى |
| 700 | 1 | _aمحمد مكرى | |
| 300 | _a240 ص | ||
| 490 |
_aالهيئة العامة للاستعلامات _v0 |
||
| 650 | 0 | 4 | _aالمسرح |
| 650 | 0 | 4 | _aالمعاجم |
| 650 | 0 | 4 | _aاللغة العربية - المعاجم |
| 650 | 0 | 4 | _aالمسرح - نقد |
| 650 | 0 | 4 | _aالمسرح - امريكا الجنوبية |
| 650 | 0 | 4 | _aاللغة الكردية - معاجم |
| 942 |
_2ddc _cBK |
||
| 999 |
_c50093 _d50093 |
||